Statistics for Most popular sports in Japan

Click here to take the quiz!

General Stats

  • This quiz has been taken 67 times
  • The average score is 5 of 8

Answer Stats

HintAnswer% Correct
2.Football
100%
1.Baseball
90%
3.Tennis
77%
4.Sumo
67%
5.Golf
50%
7.Boxing
38%
8.Puroresu
37%
6.Auto racing
5%

Score Distribution

Percentile by Number Answered

Percent of People with Each Score

Your Score History

You have not taken this quiz